000 00971nam a22002897a 4500
003 CHAP
005 20220329140728.0
008 971013s1974 r 00010 d
010 _a56668
011 _a57640
035 _a61795
040 _cCHAP
090 _aFolleto 4275
110 _aSociedad Botánica de México
_9108049
245 _aJornada conmemorativa del X aniversario de la muerte de los insignes botánicos mexicanos Fausto Miranda y Maximino Martínez
260 _aMéxico, D.F. D :
_b(s.e.),
_c1974
300 _a12 p.
590 _aBATCH-UPD
_b10
_c20130110
_lUCH01
_h1841
590 _aBATCH-UPD
_b10
_c20130410
_lUCH01
_h1212
590 _aBATCH-UPD
_b10
_c20130914
_lUCH01
_h0745
590 _aCONVERSION
_b10
_c20130109
_lUCH01
_h1330
650 1 4 _aBotánicos mexicanos.
_914699
901 _aBK
942 _cLIBRO
949 _aFolleto 4275
_bBC
_cFOLL
_d-132648
_eLIBRO
_i61795
_si
949 _aFolleto 4275
_bBC
_cFOLL
_d-132649
_eLIBRO
_fc.2
_i61795
_si
999 _c56668
_d56668